Spatial Regression Models for the Social Sciences
Gespeichert in:
| 1. Verfasser: | |
|---|---|
| Weitere Verfasser: | |
| Format: | Buch |
| Sprache: | Englisch |
| Veröffentlicht: |
Los Angeles
SAGE
2020
|
| Schlagworte: | |
| Tags: |
Keine Tags, Fügen Sie das erste Tag hinzu!
|
MARC
| LEADER | 00000nam a2200000 4500 | ||
|---|---|---|---|
| 001 | 0276860 | ||
| 005 | 20240221114354.5 | ||
| 020 | |a 978-1-5443-0207-2 | ||
| 041 | 0 | |a eng | |
| 044 | |a US | ||
| 245 | 1 | 0 | |a Spatial Regression Models for the Social Sciences |c Guangqing Chi, Jun Zhu |
| 264 | 1 | |a Los Angeles |b SAGE |c 2020 | |
| 300 | |a 243 s. | ||
| 610 | 2 | 0 | |a regresia |
| 610 | 2 | 0 | |a priestor |
| 610 | 2 | 0 | |a modely regresné |
| 610 | 2 | 0 | |a metódy štatistické |
| 610 | 2 | 0 | |a analýza dát |
| 610 | 2 | 0 | |a vedy spoločenské |
| 100 | 1 | |a Chi, Guangqing | |
| 700 | 1 | |a Zhu, Jun | |